1742 1807 1087 1181 1065 1389 1019 1011 1195 1184 1760 1782 1516 1659 1855 1358 1461 1688 1944 1851 1904 1816 1126 1297 1373 1945 1298 1124 1888 1940 1751 1338 1463 1760 1895 1416 1850 1722 1060 1297 1501 1566 1969 1612 1474 1599 1851 1436 1963 1722 1807 1656 1369 1632 1396 1863 1171 1696 1118 1997 1860 1817 1532 1024 1448 1351 1884 1911 1383 1683 1471 1677 1974 1783 1680 1684 1375 1250 1753 1400 1020 1456 1758 1157 1908 1921 1384 1021 1970 1449 1584 1188 1634 1866 1713 1589 1017 1638 1411 BCNSPRNW ULIB Ver.6.0+V

เปลี่ยนเป็นภาษาไทย

Change to English
 แสดงรายละเอียดบรรณานุกรม
  กลับหน้าหลัก

Brief Record : Get Marc (ISO 2709) : E-mail record : QR code < ปิดหน้าต่าง
LEADER : 00000nam 2200000uu 4500
001    13399114332
003     ULIB
008    120321s2552||||th 000 0 tha d
020    ^a9786165020190
090    ^aนว.^bก831พ 2552
100 0  ^aเก้าแต้ม
245 00 ^aพิศวาสแสงจันทร์/^cเก้าแต้ม
250    ^aพิมพ์ครั้งที่ 1
260    ^aกรุงเทพฯ :^bพิมพ์คำ,^c2552
300    ^a328 หน้า
710 1  ^aพิมพ์คำ
945    ^p230^l0^i16419
995    ^aกัณชพร
999    ^aใช้งานได้ทุกระบบ
รายการนี้ยังไม่มีแท็ก
คุณยังไม่ได้ล็อกอิน คุณสามารถมีกิจกรรมร่วมกับเว็บไซต์ได้ แต่ต้องล็อกอินก่อน ::
  ล็อกอิน

รายการสื่อสารสนเทศ

ลำดับที่ ประเภท เลขเรียก/บาร์โค้ด สถานที่ สถานะ
1. วิทยาศาสตร์การแพทย์ และสุขภาพ
วิทยาศาสตร์การแพทย์ และสุขภาพ
นว. ก831พ 2552  
  Barcode: 16419
ห้องสมุดวิทยาเขตสวรรค์ประชารักษ์
►นวนิยาย
บนชั้น
  ขอยืม

รายการใกล้เคียง
    ผู้แต่ง [เก้าแต้ม]

BibComment


ยังไม่เคยถูกคอมเมนท์

คอมเมนท์ทรัพยากรรายการนี้
  คอมเมนท์: พิศวาสแสงจันทร์ ..


 Copyright 2026. Bcnsprnw @Library